Основы теории и организации ЭВМ: учебное пособие

Detalhes bibliográficos
Autor principal: Гуров В. В. Валерий Валентинович
Outros Autores: Чуканов В. О. Всеволод Озирисович
Resumo:Рассматриваются основы булевой алгебры, представление и минимизация булевых функций. Рассмотрены способы представления чисел и методы выполнения арифметических операций в ЭВМ. Представлены принципы работы и структура однопрограммной ЭВМ. Рассматриваются схемотехнические основы ЭВМ. Представлены основные устройства ЭВМ. Рассматривается взаимодействие устройств ЭВМ при автоматическом выполнении программы. Описана работа мультипрограммной ЭВМ. Рекомендовано для студентов высших учебных заведений, обучающихся по специальностям в области информационных технологий.
Idioma:russo
Publicado em: Москва, БИНОМ. Лаборатория знаний, 2012
coleção:Основы информационных технологий
Assuntos:
Formato: Livro
KOHA link:https://koha.lib.tpu.ru/cgi-bin/koha/opac-detail.pl?biblionumber=212196

MARC

LEADER 00000nam0a2200000 4500
001 212196
005 20231101225735.0
010 |a 9785947744095 
010 |a 978-5-9556-0040-6 
035 |a (RuTPU)RU\TPU\book\231830 
090 |a 212196 
100 |a 20120323d2012 m y0rusy50 ca 
101 0 |a rus 
102 |a RU 
105 |a a j 001zy 
200 1 |a Основы теории и организации ЭВМ  |e учебное пособие  |f В. В. Гуров, В. О. Чуканов 
210 |a Москва  |c БИНОМ. Лаборатория знаний  |c Изд-во ИНТУИТ  |d 2012 
215 |a 269 с.  |c ил. 
225 1 |a Основы информационных технологий 
320 |a Библиогр.: с. 269. 
330 |a Рассматриваются основы булевой алгебры, представление и минимизация булевых функций. Рассмотрены способы представления чисел и методы выполнения арифметических операций в ЭВМ. Представлены принципы работы и структура однопрограммной ЭВМ. Рассматриваются схемотехнические основы ЭВМ. Представлены основные устройства ЭВМ. Рассматривается взаимодействие устройств ЭВМ при автоматическом выполнении программы. Описана работа мультипрограммной ЭВМ. Рекомендовано для студентов высших учебных заведений, обучающихся по специальностям в области информационных технологий. 
606 1 |a Персональные ЭВМ  |2 stltpush  |3 (RuTPU)RU\TPU\subj\71057  |9 85120 
610 1 |a вычислительная техника 
610 1 |a электронные вычислительные машины 
610 1 |a история 
610 1 |a логические основы 
610 1 |a арифметические основы 
610 1 |a принципы работы 
610 1 |a архитектура 
610 1 |a организация 
610 1 |a учебные пособия 
675 |a 004.382.7(075.8)  |v 4 
700 1 |a Гуров  |b В. В.  |g Валерий Валентинович 
701 1 |a Чуканов  |b В. О.  |g Всеволод Озирисович 
801 1 |a RU  |b 63413507  |c 20120323 
801 2 |a RU  |b 63413507  |c 20150421  |g RCR 
900 |a Организация ЭВМ и систем 
942 |c BK 
959 |a 44/20120321  |d 2  |e 200,00  |f ЧЗТЛ:1  |f АНЛ:1